• 首页
  • 本馆介绍
  • 公告通知
  • 最新文献
  • 馆藏检索
  • 电子资源
  • 读者导购
  • 参考咨询
  • 我的图书馆
  • 登录
  • 期刊详细显示
  • 现刊情况显示
  • 合订本情况显示
  • 篇目信息显示

期刊信息

  • 表格格式
  • 工作单格式
  • 卡片格式
索取号 
X/CHSHYJ
题名 
城市与减灾
作者 
城市与减灾编辑部
分册号 
分册名 
出版地 
北京
出版者 
城市与减灾杂志社
标准刊号 
1671-0495
出版频率 
双月刊
中图法分类 
X
主题词 
环境科学; 劳动?0; 安全学
电子资源 
000 00625nas0 2200229 45
001 0542029607
005 20070414103229.37
011    @a1671-0495@dCNY8.00
092    @b82-860
100    @a20051013d km y0chiy0120 ea
101 0  @achi
102    @aCN@b110000
200 1  @a城市与减灾@ACheng Shi Yu Jian Zai@f城市与减灾编辑部@FCheng Shi Yu Jian Zai Bian Ji Bu
210    @a北京@c城市与减灾杂志社
326    @a双月刊
606 0  @a环境科学
606 0  @a劳动?0
606    @a安全学
690    @aX@v4
711  0 @a城市与减灾编辑部@ACheng Shi Yu Jian Zai Bian Ji Bu
801  0 @aCN@bPFT@c20070414
905    @aTJWY@dX@eCHSHYJ
    
    城市与减灾/城市与减灾编辑部.-北京:城市与减灾杂志社
    
    
    
    ISSN 1671-0495:CNY8.00
    
●
相关链接: 在易读查询期刊 在中国知网中查询期刊 在万方数据查询期刊 在维普查询期刊
唐山师范学院图书馆 欢迎您!
大连网信软件有限公司© 版权所有